| 000 | 00401nam a22001697a 4500 | ||
|---|---|---|---|
| 999 |
_c522636 _d522636 |
||
| 003 | NUST | ||
| 038 | _aNusrat Nadeem | ||
| 040 |
_aDLC _bDLC _cRCMS |
||
| 082 | _a005.133DET | ||
| 100 |
_aDeitel Deitel _912700 |
||
| 245 |
_aC++ How to Program / _cDeitel Deitel |
||
| 250 | _a5th,ed. | ||
| 260 |
_aUSA _bRed Hat _c2004 |
||
| 300 |
_aliii,1337,p. _bPb |
||
| 600 |
_xPrograming _912701 |
||
| 942 |
_2ddc _cBK |
||